Marketing por e-mail (Record no. 74250)

MARC details
000 -LEADER
fixed length control field 00731nam a22002297a 4500
005 - DATE AND TIME OF LATEST TRANSACTION
control field 20250408143835.0
008 - FIXED-LENGTH DATA ELEMENTS--GENERAL INFORMATION
fixed length control field t sp a gr|||| 00| 0 spa|d
020 ## - INTERNATIONAL STANDARD BOOK NUMBER
International Standard Book Number 848088732X
050 04 - LIBRARY OF CONGRESS CALL NUMBER
Classification number HF5415.1265
Item number K56 2002
100 1# - MAIN ENTRY--PERSONAL NAME
Personal name Kinnard, Shannon
240 10 - UNIFORM TITLE
Uniform title Marketing with e-mail.
Language of a work Español.
245 10 - TITLE STATEMENT
Title Marketing por e-mail
Statement of responsibility, etc / Shannon Kinnard ; traducido por Emili Atmella.
250 ## - EDITION STATEMENT
Edition statement 1a ed.
260 ## - PUBLICATION, DISTRIBUTION, ETC. (IMPRINT)
Place of publication, distribution, etc Barcelona :
Name of publisher, distributor, etc Gestión 2000,
Date of publication, distribution, etc 2002
300 ## - PHYSICAL DESCRIPTION
Extent 316 p. :
Other physical details il. ;
Dimensions 23 cm.
500 ## - GENERAL NOTE
General note Incluye apéndice y glosario
650 #4 - SUBJECT ADDED ENTRY--TOPICAL TERM
Topical term or geographic name as entry element Marketing en Internet
General subdivision Comercio
650 #4 - SUBJECT ADDED ENTRY--TOPICAL TERM
Topical term or geographic name as entry element Marketing
General subdivision Mercadeo
650 #4 - SUBJECT ADDED ENTRY--TOPICAL TERM
Topical term or geographic name as entry element Marketing
General subdivision Internet
-- Negocios
700 1# - ADDED ENTRY--PERSONAL NAME
Personal name Atmella, Emili
Relator term traductor
942 ## - ADDED ENTRY ELEMENTS (KOHA)
Source of classification or shelving scheme Biblioteca del Cogreso de los Estados Unidos
Koha item type Libro
Holdings
Estado de pérdida Fuente de clasificación Estado del daño No para préstamo Ubicación permanente Ubicación actual Apartado o colección Fecha de adquisición Fuente de adquisición Edición Dependencia de educación superior (DES) Área del conocimiento Clasificación Código de Barras Date last seen Número de copia Costo por reposición Tipo de recurso
  Biblioteca del Cogreso de los Estados Unidos   Uso interno Biblioteca Biblioteca Campus Lázaro Cardenas Biblioteca Campus Lázaro Cardenas General 30/08/2018 Posgrado Unidad Académica 1a ed. Ciencias Económico Administrativas Ciencias Sociales y Administrativas HF5415.1265 K56 2002 BCE000000367 30/08/2018 C.1   Libro
  Biblioteca del Cogreso de los Estados Unidos   Uso interno Biblioteca Biblioteca de la Facultad de Economía Biblioteca de la Facultad de Economía General 08/04/2025 Programa Integral de Fortalecimiento Institucional 2010 1a ed. Ciencias Económico Administrativas Ciencias Sociales y Administrativas HF5415.1265 K56 2002 BFE000012863 18/09/2017 1 1.00 Libro
  Biblioteca del Cogreso de los Estados Unidos     Biblioteca de la Facultad de Economía Biblioteca de la Facultad de Economía General 08/04/2025 Programa Integral de Fortalecimiento Institucional 2010 1a ed. Ciencias Económico Administrativas Ciencias Sociales y Administrativas HF5415.1265 K56 2002 BFE000012864 18/09/2017 2 1.00 Libro
  Biblioteca del Cogreso de los Estados Unidos     Biblioteca de la Facultad de Economía Biblioteca de la Facultad de Economía General 08/04/2025 Posgrado Unidad Académica 1a ed. Ciencias Económico Administrativas Ciencias Sociales y Administrativas HF5415.1265 K56 2002 BFE000014978 05/11/2018 3 1.00 Libro